000 004990000a22001930004500
001 000835
003 MACL
005 20150916134406.0
008 150916b xxu||||| |||| 00| 0 eng d
040 _aMACL
_cMACL
041 _aEnglish
082 _a823/VIJ
100 _aVijayalakshmi, M.
_911619
245 _aThe Story Of A Seaside Village
_bThoppil Mohammad Meeran
_cM. Vijayalakshmi
260 _aMumbai
_c1998
_bDisha Books,
350 _a120
650 _a Fiction
_911620
942 _k823
_cBK
_2ddc
999 _c833
_d833